000 00639nam a2200181Ia 4500
008 100921s9999 xx 000 0 und d
082 _b39469
_a891.463 न 04
100 _aम्हात्रे अरविंद.
245 _aप्रतिशोध.
260 _bपार्टनर प्रकाशन, मुंबई.
_c2004
300 _a144
_bकलाभारती वितरण,पुणे
365 _b120
520 _aललित-कादंबरी.
630 _aप्रतिशोध.
650 _aललित-कादंबरी.
730 _aप्रतिशोध.
942 _cBOOK
999 _c788582
_d788579